[Event "Marseille op 16th"]
[Site "Marseille"]
[Date "2023.12.30"]
[Round "3"]
[White "Fabre, Jean Charles"]
[Black "Charlier, Antoine"]
[Result "1-0"]
[WhiteElo "1883"]
[BlackElo "2147"]
[PlyCount "55"]
[EventDate "2023.12.30"]
[EventType "swiss"]
[EventRounds "9"]
[EventCountry "FRA"]
[SourceTitle "CB01_2024"]
[SourceDate "2024.01.03"]
[SourceVersion "1"]
[SourceVersionDate "2024.01.03"]
[SourceQuality "1"]

1. c4 e5 2. Nc3 Nc6 3. Nf3 Nf6 4. e3 d5 5. cxd5 Nxd5 6. Bb5 Nxc3 7. bxc3 Bd6 8. d4 Bd7 9. Bxc6 Bxc6 10. dxe5 Bxf3 11. Qxf3 Bxe5 12. 0-0 0-0 13. Ba3 Re8 14. Qxb7 Rb8 15. Qc6 Rb6 16. Qa4 Ree6 17. Bc5 Rbc6 18. Bd4 Qh4 19. g3 Qh5 20. Rab1 h6 21. Rb5 f6 22. f4 Qe2 23. fxe5 fxe5 24. Rxe5 Rf6 25. Re8+ Kf7 26. Bxf6 Rxf6 27. Qd7+ Kg6 28. Rxf6+ 1-0